000
00271 a2200097 4500
001
33811
100
_a
Salah ud Din Mahmood
245
_a
Rajinder Singh Baidi-Majmoah : Afsany, Nawil, Dramy, Mazameen [Urdu]
260
_a
Lahore
_b
Sange Meel
_c
2003
090
_c
22463
_d
22463
942
_a
NUST-CAE
_c
M
_c
13851
999
_c
268884
_d
268884